000 00489nam a2200181Ia 4500
003 OSt
005 20260116122147.0
008 210210b1950 xxu||||| |||| 00| 0 eng d
040 _cAL
041 _akan
082 _a859/474
100 _aGAURAMMA
_9149171
_dಗೌರಮ್ಮ.
245 _aGaurammana kathegalu:
_bಗೌರಮ್ಮನ ಕತೆಗಳು
260 _aMadikeri
_bKaveri Prakashana
_c1950
690 _aKannada Fiction
_9149172
906 _a021336
942 _2ddc
_cBK
999 _c145416
_d145416